Corporate Chanakya (Record no. 119)

MARC details
000 -LEADER
fixed length control field 00319nam a2200133Ia 4500
008 - FIXED-LENGTH DATA ELEMENTS--GENERAL INFORMATION
fixed length control field 191201s2019 xx 000 0 und d
082 ## - DEWEY DECIMAL CLASSIFICATION NUMBER
Classification number 658.4
Item number PIR
100 ## - MAIN ENTRY--PERSONAL NAME
Personal name PILLAI, Radhakrishanan
245 #0 - TITLE STATEMENT
Title Corporate Chanakya
260 ## - PUBLICATION, DISTRIBUTION, ETC. (IMPRINT)
Place of publication, distribution, etc N. Delhi
Name of publisher, distributor, etc Jaico Publication House
300 ## - PHYSICAL DESCRIPTION
Extent 317
650 ## - SUBJECT ADDED ENTRY--TOPICAL TERM
Topical term or geographic name as entry element BBA
942 ## - ADDED ENTRY ELEMENTS (KOHA)
Source of classification or shelving scheme Dewey Decimal Classification
Koha item type Text Books
Holdings
Withdrawn status Lost status Source of classification or shelving scheme Damaged status Not for loan Collection code Home library Current library Date acquired Source of acquisition Bill Number Total Checkouts Full call number Acc. no. / Barcode Date last seen Date last borrowed Bill Date Koha item type Public note Currency Cost, normal purchase price Actual Cost, discounted price
    Dewey Decimal Classification     GENERAL PIET C-LIBRARY PIET C-LIBRARY 24/02/2014 Donated Donated 6 658.4 PIC 23072 31/01/2024 17/01/2024 21/02/2014 Text Books Donated      
    Dewey Decimal Classification     GENERAL PIET C-LIBRARY PIET C-LIBRARY 26/12/2024 Flipkart FAA0GY2500017282 3 658.4 PIR 38528 13/04/2026 01/04/2026 18/12/2024 Text Books   INR 335.00 335.00
    Dewey Decimal Classification     GENERAL PIET C-LIBRARY PIET C-LIBRARY 26/12/2024 Flipkart FAA0GY2500017282 1 658.4 PIR 38529 10/09/2025 01/09/2025 18/12/2024 Text Books   INR 335.00 335.00

Design & Developed by: PIET Central Library
R70 Miles Stone Pattikalyana Samalkha Panipat 132102
mail ID :- [email protected], Phone No:- 0180-2569700 Ex.216